| 000 | 00927nam a2200289 a 4500 | ||
|---|---|---|---|
| 001 | 000025094 | ||
| 003 | DO-SdBNP | ||
| 005 | 20171026134850.0 | ||
| 007 | 000025094 | ||
| 008 | 110210t1998 dr a 000 f spa d | ||
| 040 |
_aBPMSU _bspa _cBPMSU |
||
| 092 |
_aRD863.44 _bV443j, 1998 |
||
| 100 | 1 |
_aVeloz Maggiolo, Marcio, _d1936- |
|
| 245 | 1 | 3 |
_aEl jefe iba descalzo : _bnovela / _cMarcio Veloz Maggiolo. |
| 250 | _a2ª ed. | ||
| 260 |
_aSanto Domingo : _bTobogán : _bAlfa y Omega, _c1998. |
||
| 300 |
_a73 p. : _bil. ; _c23 cm. |
||
| 490 | 1 |
_aBiblioteca Juvenil Tobogán _v5 |
|
| 600 | 1 | 4 |
_aTRUJILLO MOLINA, RAFAEL LEÓNIDAS, _d1891-1961 _xNOVELA |
| 650 | 4 | _aNOVELA DOMINICANA | |
| 650 | 4 | _aLITERATURA DOMINICANA | |
| 830 | 0 |
_aBiblioteca Juvenil Tobogán _n5 |
|
| 910 | _aValidado. Control de calidad EMS. | ||
| 942 |
_2ddc _cBK |
||
| 945 | _aInventariado / 2017 2017 VM | ||
| 956 |
_aVMATEO _b10 _c20150918 _lBPMSU _h00151 |
||
| 999 |
_c8265 _d8265 |
||